| 000 | 01662nam a2200289Ia 4500 | ||
|---|---|---|---|
| 999 |
_c56464 _d56464 |
||
| 001 | 23577 | ||
| 003 | GE_BSU | ||
| 005 | 20200817133402.0 | ||
| 008 | 181216s2018||||ge |||||||||||||| ||geo|| | ||
| 020 | _a9789941254994 | ||
| 040 | _cGE_BSU | ||
| 041 | _ageo | ||
| 080 | _a347.22(479.22)(094.5) ს-32 | ||
| 245 |
_aსამოქალაქო კოდექსის კომენტარი. წ.2. სანივთო (ქონებრივი) სამართალი. მუხ. 147-315 / _cრედ : ლ. ჭანტურია ; ავტორები : ლ. თოთლაძე ; გ. რუსიაშვილი ; ზ. ჭეჭელაშვილი ; თ. შოთაძე. |
||
| 264 |
_aთბილისი : _bგერმანიის საერთ. თანამშრომლობის სახ-ბა.(GIZ) _c2018. |
||
| 300 |
_a640 გვ. ; _c25 სმ. |
||
| 504 | _aბიბლ. გვ. 632-640 | ||
| 653 | _aსამართალი | ||
| 653 | _aსამოქალაქო კოდექსის კომენტარი. წ.2. სანივთო (ქონებრივი) სამართალი. მუხ. 147-315 | ||
| 700 |
_aჭანტურია ლ. _eრედაქტორი _94528 |
||
| 700 |
_aთოთლაძე, ლ _94529 |
||
| 700 |
_a რუსიაშვილი, გ. _94530 |
||
| 700 |
_aჭეჭელაშვილი, ზ _94531 |
||
| 700 |
_aშოთაძე, თ _94532 |
||
| 856 |
_uhttp://ewmi-prolog.org/images/files/6464CCCvol2.pdf _yელექტრონული ვერსია pdf |
||
| 942 |
_cBK _2udc |
||